[Event "Michigan Juniors"]
[Site "East Grand Rapids"]
[Date "2005.03.19"]
[Round "2.16"]
[White "Fraley, Chris"]
[Black "Flanery, Ethan"]
[Result "1-0"]
[WhiteElo "1447"]
[BlackElo "714"]
[PlyCount "65"]
[EventDate "2005.03.19"]
[EventType "swiss"]
[EventRounds "5"]
[EventCountry "USA"]
[SourceTitle "EXT 2006"]
[Source "ChessBase"]
[SourceDate "2005.11.24"]
[SourceVersion "1"]
[SourceVersionDate "2005.11.24"]
[SourceQuality "1"]

1. e4 e5 2. Nf3 d6 3. Bc4 Nc6 4. d4 Nf6 5. dxe5 Nxe4 6. Qd5 Be6 7. Qxe4 d5 8. Bxd5 Bxd5 9. Qd3 Bxf3 10. Qxf3 Nxe5 11. Qxb7 g6 12. 0-0 Bg7 13. Re1 0-0 14. Nc3 c6 15. Bf4 Re8 16. Rad1 Qf6 17. Bxe5 Qe6 18. f4 Bxe5 19. Rxe5 Qc4 20. Re4 Qc5+ 21. Kf1 Rad8 22. Rxd8 Rxd8 23. Qe7 Qb6 24. Rb4 Qa6+ 25. Kf2 Rd2+ 26. Ke3 Rxc2 27. Rb8+ Kg7 28. Qf8+ Kf6 29. Ne4+ Ke6 30. Nc5+ Rxc5 31. Qxc5 f6 32. Re8+ Kd7 33. Qe7# 1-0

[Event "Michigan Juniors"]
[Site "East Grand Rapids"]
[Date "2005.03.19"]
[Round "1.13"]
[White "Johnson, Zachary"]
[Black "Fraley, Chris"]
[Result "1-0"]
[WhiteElo "803"]
[BlackElo "1447"]
[PlyCount "45"]
[EventDate "2005.03.19"]
[EventType "swiss"]
[EventRounds "5"]
[EventCountry "USA"]
[SourceTitle "EXT 2006"]
[Source "ChessBase"]
[SourceDate "2005.11.24"]
[SourceVersion "1"]
[SourceVersionDate "2005.11.24"]
[SourceQuality "1"]

1. e4 c6 2. Nf3 d5 3. exd5 cxd5 4. d4 Nc6 5. Nc3 Nf6 6. Bb5 a6 7. Ba4 b5 8. Bb3 Na5 9. Bf4 Bg4 10. Qd2 Bxf3 11. gxf3 Nc4 12. Bxc4 bxc4 13. 0-0-0 e6 14. Na4 Rc8 15. Rhg1 Nd7 16. Kb1 Nb6 17. Qa5 Nd7 18. Qxa6 Ra8 19. Qb5 Qf6 20. Nb6 Ra7 21. Bg5 Qf5 22. Nxd7 f6 23. Ne5+ 1-0

[Event "Michigan Juniors"]
[Site "East Grand Rapids"]
[Date "2005.03.19"]
[Round "3.10"]
[White "Varner, David"]
[Black "Fraley, Chris"]
[Result "0-1"]
[WhiteElo "940"]
[BlackElo "1447"]
[PlyCount "33"]
[EventDate "2005.03.19"]
[EventType "swiss"]
[EventRounds "5"]
[EventCountry "USA"]
[SourceTitle "EXT 2006"]
[Source "ChessBase"]
[SourceDate "2005.11.24"]
[SourceVersion "1"]
[SourceVersionDate "2005.11.24"]
[SourceQuality "1"]

1. e4 d5 2. e5 Bf5 3. d4 e6 4. c4 Ne7 5. Nc3 Nbc6 6. a3 dxc4 7. Be3 Nd5 8. Qd2 Na5 9. Nxd5 Nb3 10. Nxc7+ Qxc7 11. Qd1 Nxa1 12. Qxa1 Be7 13. Nf3 Rc8 14. Bd2 0-0 15. Be2 b5 16. Bc3 a5 17. 0-0 0-1

[Event "Michigan Class C"]
[Site "Auburn Hills"]
[Date "2005.01.16"]
[Round "5.3"]
[White "Schwiebert, Loren"]
[Black "Fraley, Chris"]
[Result "0-1"]
[WhiteElo "1426"]
[BlackElo "1579"]
[PlyCount "74"]
[EventDate "2005.01.15"]
[EventType "swiss"]
[EventRounds "5"]
[EventCountry "USA"]
[SourceTitle "EXT 2006"]
[Source "ChessBase"]
[SourceDate "2005.11.24"]
[SourceVersion "1"]
[SourceVersionDate "2005.11.24"]
[SourceQuality "1"]

1. e4 d6 2. d4 Nf6 3. Nc3 g6 4. Be3 Bg7 5. f4 0-0 6. Nf3 Nbd7 7. Bc4 a6 8. 0-0 b5 9. Bd3 Bb7 10. a3 Rc8 11. f5 gxf5 12. exf5 c5 13. Nd2 Ne8 14. Qg4 Ndf6 15. Qg3 cxd4 16. Bxd4 Qc7 17. Nde4 d5 18. Nxf6+ Nxf6 19. Be5 Qc5+ 20. Kh1 d4 21. Ne4 Bxe4 22. Bxe4 Kh8 23. Bd3 Rg8 24. Qh4 Qxe5 25. Rae1 Qd6 26. Rf2 Rc5 27. g4 Qc6+ 28. Kg1 Nxg4 29. Qxg4 Bf6 30. Qxg8+ Kxg8 31. Be4 Qc7 32. Rg2+ Kf8 33. Kh1 Ke8 34. Rg8+ Kd7 35. Rf8 Re5 36. c3 Rxe4 37. Rxe4 Qc6 0-1

[Event "Lansing op"]
[Site "Lansing"]
[Date "2004.09.06"]
[Round "7"]
[White "Van Dyke, Sid"]
[Black "Fraley, Chris"]
[Result "0-1"]
[WhiteElo "1550"]
[BlackElo "1416"]
[PlyCount "104"]
[EventDate "2004.09.03"]
[EventType "swiss"]
[EventRounds "7"]
[EventCountry "USA"]
[SourceTitle "EXT 2007"]
[Source "ChessBase"]
[SourceDate "2006.11.23"]
[SourceVersion "1"]
[SourceVersionDate "2006.11.23"]
[SourceQuality "1"]

1. e4 e5 2. Nf3 Nc6 3. Nc3 Nf6 4. Bc4 Bc5 5. d3 Na5 6. Bb3 Nxb3 7. axb3 0-0 8. Nxe5 d6 9. Nf3 a6 10. 0-0 h6 11. Ne2 Bg4 12. Ng3 Qd7 13. c3 Rad8 14. d4 Ba7 15. b4 c5 16. bxc5 dxc5 17. d5 c4 18. h3 Bxh3 19. gxh3 Qxh3 20. Nh2 Qxg3+ 21. Kh1 Qh3 22. Qf3 Qxf3+ 23. Nxf3 Nxe4 24. Kh2 Rxd5 25. Be3 Bxe3 26. fxe3 Nd2 27. Rfd1 Nb3 28. Rxd5 Nxa1 29. Rd7 Rb8 30. Ne5 b5 31. Ra7 Nb3 32. Kg3 b4 33. Nxc4 bxc3 34. bxc3 Rc8 35. Nd6 Rxc3 36. Rxa6 Rxe3+ 37. Kf2 Re6 38. Ra8+ Kh7 39. Nc4 Nd4 40. Ne3 f5 41. Ra4 f4 42. Nd5 Ne2 43. Nxf4 Nxf4 44. Rxf4 Rf6 45. Rxf6 gxf6 46. Kg3 Kg6 47. Kg4 h5+ 48. Kh4 Kf5 49. Kh3 Kf4 50. Kg2 Ke3 51. Kg3 f5 52. Kg2 Ke2 0-1